Nỗi lòng Tiểu thuyết

সংরক্ষণ করুন:
গ্রন্থ-পঞ্জীর বিবরন
প্রধান লেখক: Soseki, Natsume
অন্যান্য লেখক: Đỗ Khánh Hoan (dịch), Nguyễn Tường Minh (dịch)
বিন্যাস: গ্রন্থ
ভাষা:Vietnamese
Japanese
প্রকাশিত: H. Tp. Hồ Chí Minh Hội Nhà văn Công ty Sách Phương Nam 2011
মালা:Tủ sách Tinh hoa văn học
বিষয়গুলি:
ট্যাগগুলো: ট্যাগ যুক্ত করুন
কোনো ট্যাগ নেই, প্রথমজন হিসাবে ট্যাগ করুন!
Thư viện lưu trữ: Mạng thư viện Đại học Đà Nẵng
LEADER 01590aam a22004218a 4500
001 000018214
003 14641
005 20131007101059.0
008 130924s2011 viesd
020 |c 98000đ  |d 1500b 
041 1 |a vie  |h jpn  |h jpn 
082 1 4 |2 14  |a 895.634  |b SO-N 
100 1 |a Soseki, Natsume 
245 1 0 |a Nỗi lòng  |b Tiểu thuyết  |c Natsume Soseki ; Dịch: Đỗ Khánh Hoan, Nguyễn Tường Minh 
260 |a H.  |a Tp. Hồ Chí Minh  |b Hội Nhà văn  |b Công ty Sách Phương Nam  |c 2011 
300 |a 428 tr.  |c 19 cm. 
490 0 |a Tủ sách Tinh hoa văn học 
534 |a Dịch từ nguyên bản tiếng Nhật: Kororo: Sensei no Isho 
600 1 4 |a Soseki, Natsume  |d 1867-1916  |t Nỗi lòng 
610 |2 4 
650 0 4 |2 Bộ TK TVQG  |a Tiểu thuyết Nhật Bản  |x Văn học hiện đại 
650 0 4 |a Văn học Nhật Bản  |x Tiểu thuyết 
651 7 |2 Bộ TK TVQG  |a Nhật Bản 
653 |a Văn học hiện đại 
653 |a Văn học Nhật 
655 7 |2 Bộ TK TVQG  |a Tiểu thuyết 
700 1 |a Đỗ Khánh Hoan  |e dịch 
700 1 |a Nguyễn Tường Minh  |e dịch 
OWN |a LSP 
AVA |a UDN50  |b LSP  |d 895.634 SO-N  |e available  |t Error 5001 Not defined in file expand_doc_bib_avail.  |f 6  |g 0  |h N  |i 0  |k 1 
999 |a From the UDN01 
AVA |a UDN50  |b LSP  |d 895.634 SO-N  |e available  |t Error 5001 Not defined in file expand_doc_bib_avail.  |f 6  |g 0  |h N  |i 0  |k 1 
TYP |a Monograph 
TYP |a Printed language 
980 |a Mạng thư viện Đại học Đà Nẵng